| 000 | 00536nam a2200193Ia 4500 | ||
|---|---|---|---|
| 005 | 20250326144256.0 | ||
| 008 | 250326s9999 xx 000 0 und d | ||
| 037 | _aTextbook | ||
| 040 |
_aFMSL _beng _cFMSL |
||
| 041 |
_aeng _2eng |
||
| 084 |
_aX:89Q P7 _qFMSL |
||
| 100 |
_aSadler L _9749375 |
||
| 245 | 0 |
_aLogistic and supply chain integration _cSadler L |
|
| 260 |
_aLondon _bLondon, Sage publication _c2007 |
||
| 300 | _a259p | ||
| 365 | _b1917.2823000000001 | ||
| 942 |
_cTB _hX:89Q P7 |
||
| 999 |
_c1303094 _d1303094 |
||